O espelho índio : os jesuítas e a destruicao da alma indígena /
Sábháilte in:
| Príomhchruthaitheoir: | |
|---|---|
| Formáid: | Anaithnid |
| Teanga: | Portuguese |
| Foilsithe / Cruthaithe: |
Rio de Janeiro :
Espaco e Tempo,
c1988.
|
| Sraith: | (Colecao Pensado o Brasil ;
6) |
| Ábhair: | |
| Clibeanna: |
Cuir clib leis
Níl clibeanna ann, Bí ar an gcéad duine le clib a chur leis an taifead seo!
|
MARC
| LEADER | 000000000a22000000004500 | ||
|---|---|---|---|
| 001 | 004580 | ||
| 020 | |a 8585114371 | ||
| 041 | 0 | |a por | |
| 082 | 0 | 4 | |a 980.41 |b G191e |
| 100 | 1 | |a Gambini, Roberto, |d 1944- | |
| 245 | 1 | 2 | |a O espelho índio : |b os jesuítas e a destruicao da alma indígena / |c Roberto Gambini. |
| 260 | 1 | |a Rio de Janeiro : |b Espaco e Tempo, |c c1988. | |
| 300 | |a 222 páginas | ||
| 490 | 1 | |a (Colecao Pensado o Brasil ; |v 6) | |
| 500 | |a Colección George Yúdice | ||
| 650 | 4 | |a JESUITAS | |
| 650 | 4 | |a MISIONES | |
| 650 | 4 | |a BRASIL | |
| 650 | 4 | |a INDIOS SURAMERICANOS | |
| 650 | 4 | |a ASIMILACION CULTURAL | |
| 999 | |c 10713 |d 10713 | ||
| 942 | |c BK |h 980.41 G191e |2 z | ||



